Mapping in the age of digital media (Record no. 103188)

MARC details
000 -LEADER
fixed length control field 01282cam a2200265 4500
008 - FIXED-LENGTH DATA ELEMENTS--GENERAL INFORMATION
fixed length control field 031110n2003 000 0 eng u
020 ## - INTERNATIONAL STANDARD BOOK NUMBER
International Standard Book Number 0470850760
035 ## - SYSTEM CONTROL NUMBER
System control number (Sirsi) u124264
041 ## - LANGUAGE CODE
Language code of text/sound track or separate title eng
050 ## - LIBRARY OF CONGRESS CALL NUMBER
Classification number 526.0285
-- 18
245 ## - TITLE STATEMENT
Title Mapping in the age of digital media
Remainder of title the Yale symposium
260 ## - PUBLICATION, DISTRIBUTION, ETC.
Place of publication, distribution, etc. Chichester
Name of publisher, distributor, etc. Wiley-Academy
Date of publication, distribution, etc. 2003
300 ## - PHYSICAL DESCRIPTION
Extent 144p.
Dimensions 26cm
350 ## - PRICE (NR) (BK AM CF MU VM SE) [OBSOLETE]
Price 24.95
520 ## - SUMMARY, ETC.
Summary, etc. A record of presentations made at a symposium held at Yale School of Architecture in spring 2002. Coves a wide range of disciplines, examining how new mapping techniques have altered how space is measured and represented. Divided into three sections: the first focuses on the mapping of surfaces; the second examines time and movement; and the third explores the deep space extending beneath the skins of objects, living bodies and landscapes. The last section explores the increase in computing power by examining high-resolution maps, voxel modelling and supercomputer simulations.
650 ## - SUBJECT ADDED ENTRY--TOPICAL TERM
Topical term or geographic name entry element DIGITAL MAPPING
650 ## - SUBJECT ADDED ENTRY--TOPICAL TERM
Topical term or geographic name entry element DIGITAL TECHNOLOGY
650 ## - SUBJECT ADDED ENTRY--TOPICAL TERM
Topical term or geographic name entry element VOXEL MODELLING
650 ## - SUBJECT ADDED ENTRY--TOPICAL TERM
Topical term or geographic name entry element SPATIAL MODELLING
650 ## - SUBJECT ADDED ENTRY--TOPICAL TERM
Topical term or geographic name entry element GEOPHYSICS
690 ## - LOCAL SUBJECT ADDED ENTRY--TOPICAL TERM (OCLC, RLIN)
Topical term or geographic name as entry element MAPPING AND MEASUREMENT
700 ## - ADDED ENTRY--PERSONAL NAME
Personal name Silver, Mike
International Standard Serial Number Editor
700 ## - ADDED ENTRY--PERSONAL NAME
Personal name Balmori, Diana
International Standard Serial Number Editor
942 ## - ADDED ENTRY ELEMENTS (KOHA)
Suppress in OPAC 0
Holdings
Withdrawn status Lost status Source of classification or shelving scheme Damaged status Not for loan Home library Current library Shelving location Date acquired Cost, normal purchase price Total Checkouts Full call number Barcode Date last seen Date last checked out Copy number Cost, replacement price Price effective from Koha item type
    Other/Generic Classification Scheme     London London Books 28/11/2003 24.95 1 526.0285 SIL 30068911 06/08/2019 13/09/2006 1 24.95 06/08/2019 Book